Herramientas estadísticas básicas para el mejoramiento de la calidad / (Registro nro. 6163)
[ vista simple ]
| 000 -LEADER | |
|---|---|
| fixed length control field | 01150nam a2200277Ia 4500 |
| 008 - FIXED-LENGTH DATA ELEMENTS--GENERAL INFORMATION | |
| fixed length control field | 191128s9999 xx 000 0 und d |
| 020 ## - INTERNATIONAL STANDARD BOOK NUMBER | |
| International Standard Book Number | 9580415412 |
| 082 ## - DEWEY DECIMAL CLASSIFICATION NUMBER | |
| Classification number | 658 .409 |
| 082 ## - DEWEY DECIMAL CLASSIFICATION NUMBER | |
| Item number | K85h |
| 100 ## - MAIN ENTRY--PERSONAL NAME | |
| Personal name | Kume, Hitoshi, autor |
| 245 #0 - TITLE STATEMENT | |
| Title | Herramientas estadísticas básicas para el mejoramiento de la calidad / |
| 245 #0 - TITLE STATEMENT | |
| Statement of responsibility, etc. | Hitoshi, Kume ; traducción, Eloisa Vasco ; Revisión técnica, Daniel Tarquino |
| 260 ## - PUBLICATION, DISTRIBUTION, ETC. | |
| Place of publication, distribution, etc. | Barcelona ; Bogotá |
| 260 ## - PUBLICATION, DISTRIBUTION, ETC. | |
| Name of publisher, distributor, etc. | Norma, |
| 260 ## - PUBLICATION, DISTRIBUTION, ETC. | |
| Date of publication, distribution, etc. | 1992 |
| 300 ## - PHYSICAL DESCRIPTION | |
| Extent | 236 páginas |
| 300 ## - PHYSICAL DESCRIPTION | |
| Other physical details | gráficos a blanco y negro |
| 300 ## - PHYSICAL DESCRIPTION | |
| Dimensions | 24 cm |
| 440 ## - SERIES STATEMENT/ADDED ENTRY--TITLE | |
| Title | Desarrollo gerencial |
| 500 ## - GENERAL NOTE | |
| General note | Incluye datos biográficos del autor en contraportada. |
| 505 ## - FORMATTED CONTENTS NOTE | |
| Formatted contents note | Cómo obtener datos -- El análisis de Pareto -- Diagramas de causa-efecto -- Los histogramas -- Los diagramas de dispersión -- Gráficas de control -- Aditividad de las varianzas |
| 534 ## - ORIGINAL VERSION NOTE | |
| Introductory phrase | Statistical methods for quality improvement |
| 546 ## - LANGUAGE NOTE | |
| Language note | Traducido del inglés |
| 650 ## - SUBJECT ADDED ENTRY--TOPICAL TERM | |
| Topical term or geographic name entry element | Control de calidad Estadística--Métodos gráficos Muestreo (estadística)-- |
| 799 ## - LOCAL ADDED ENTRY--UNIFORM TITLE (RLIN) | |
| Uniform title | Vasco, Eloisa, traductor ; Tarquino, Daniel, revisor |
| Withdrawn status | Lost status | Materials specified (bound volume or other part) | Damaged status | Not for loan | Collection code | Home library | Current library | Date acquired | Total Checkouts | Full call number | Barcode | Date last seen | Copy number | Price effective from | Koha item type |
|---|---|---|---|---|---|---|---|---|---|---|---|---|---|---|---|
| Donación--15/04/2018-- | Biblioteca Pública José María del Castillo y Rada | Biblioteca Pública José María del Castillo y Rada | 11/28/2019 | 658 .409 K85h | 430012110 | 05/16/2024 | Ej.1 | 11/28/2019 | Books |